|
|
|
|
| LEADER |
00000nkm a2200000 a 4500 |
| 001 |
vtls011829935 |
| 003 |
SK-MaSNL |
| 005 |
20260301050321.0 |
| 007 |
kf bo |
| 008 |
200701q1911 ci g kuhrv |
| 015 |
|
|
|a SNBG1911
|
| 040 |
|
|
|a SNK
|b slo
|c SNK
|e AACR2
|
| 041 |
0 |
|
|a hrv
|
| 043 |
|
|
|a e-ci---
|
| 044 |
|
|
|a ci
|c HR
|
| 072 |
|
7 |
|a 913(4)
|x Geografia Európy, reálie, cestovanie
|2 konspekt
|
| 080 |
|
|
|a (497.5)
|2 2011
|
| 080 |
|
|
|a 913(4)
|2 2011
|
| 080 |
|
|
|a (084.121)
|2 2011
|
| 245 |
0 |
0 |
|a Pozdrav iz Lyuba
|h grafika
|
| 260 |
|
|
|a Versecz
|b A. Weiser
|c [1911?]
|
| 300 |
|
|
|a 1 pohľadnica (3 čiastkové pohľady)
|b čiernobiela
|c 14 x 9 cm
|
| 520 |
8 |
|
|a Zobrazenie: Pohľad na dominanty dedinky Ljuba
|
| 651 |
|
7 |
|a Ljuba (Chorvátsko)
|2 SNKPH
|9 355760
|
| 655 |
|
7 |
|a pohľadnice
|2 SNKPH
|9 70741
|
| 655 |
|
7 |
|a historické pohľadnice
|2 SNKPH
|9 159703
|
| 752 |
|
|
|a Chorvátsko
|d Vršac
|
| 958 |
|
|
|a GBN
|
| 958 |
|
|
|a GC
|
| 958 |
|
|
|a ONDV
|
| 999 |
|
|
|c 600643
|d 602573
|
| 952 |
|
|
|a SNK
|b SNK
|y PREZ
|7 0
|p 17A1294217
|o snkSP 56056
|0 0
|1 0
|4 0
|d 2018-12-14
|l 0
|r 2026-02-23 15:52:59
|w 2026-02-23
|